000 00685nam a2200193 i 4500
001 7907
003 ES-MaACL
005 20230906145334.0
007 t|
008 910601s1991 sp ||||1| spa d
020 _a84-260-2128-X
080 _a330.534(46)
245 0 0 _aContabilidad nacional de España
_b: base 1985 : serie contable 1985-1989 y tabla input-output 1986 /
_cInstituto Nacional de Estadistica.
260 _aMadrid :
_bINE,
_c1991.
300 _a563 p. ;
_c30 cm + fe de erratas + 2 diskettes.
650 4 _aContabilidad nacional-
_zEspaña.
_911312
710 2 _aInstituto Nacional de Estadística (España)
_95162
852 _aES-MaACL
_jL-15177
_bR.119639
_z. - rust.
999 _c7907
_d7907